MARC

LEADER 00000nam0a2200000 4500
001 299027
005 20231102001149.0
035 |a (RuTPU)RU\TPU\book\324179 
090 |a 299027 
100 |a 20150624d1982 k y0rusy5003 ca 
101 0 |a rus 
102 |a RU 
105 |a a z 001zy 
200 1 |a Рудничная аэрология  |e [сборник научных трудов]  |f Академия наук СССР (АН СССР), Институт горного дела им. А. А. Скочинского (ИГД) 
210 |a Москва  |c Изд-во ИГД  |d 1982 
215 |a 99 с.  |c ил.  |d 20 см. 
225 1 |a Научные сообщения ИГД им. А. А. Скочинского  |v Вып. 206 
320 |a Библиография в конце статей 
606 1 |a Рудничная аэрология  |x Математические методы  |2 stltpush  |3 (RuTPU)RU\TPU\subj\25508  |9 49648 
610 1 |a вентиляторные установки 
610 1 |a аэродинамические параметры 
610 1 |a проветривание 
610 1 |a угольные пласты 
610 1 |a дегазация 
610 1 |a газоотдача 
610 1 |a контроль 
610 1 |a скважины 
610 1 |a бурение 
610 1 |a пылеулавливание 
610 1 |a уголь 
610 1 |a угольный массив 
610 1 |a гидрообработка 
610 1 |a воздух 
610 1 |a вихревые расходомеры 
610 1 |a измерение 
675 |a 622.4  |z rus  |v 4 
712 0 2 |a Академия наук СССР (АН СССР)  |b Институт горного дела им. А. А. Скочинского (ИГД)  |c (Люберцы)  |2 stltpush  |3 (RuTPU)RU\TPU\col\11351 
801 0 |a RU  |b RuMRKP  |c 19950704  |g psbo 
801 1 |a RU  |b 63413507  |c 20150624 
801 2 |a RU  |b 63413507  |c 20170731  |g RCR 
942 |c BK